Základy depistáže a organizace venerologické práce : sexuálně přenosné infekce (STI) /

Hlavní autor: Resl, Vladimír, 1941-
Jazyk: Čeština
Vydáno: Plzeň : Západočeská univerzita v Plzni ;Státní zdravotní ústav, 2019
Vydání: První vydání
Témata:
Fyzický popis: vii, 459 stran : ilustrace (převážně barevné), mapy ; 21 cm
Language note: Anglické resumé
Knihy
Uloženo v:
LEADER 01906nam a2200493 i 4500
001 nkc20203181594
003 CZ PrNK
005 20200707085519.0
007 ta
008 200320s2019 xr ab f 000 0 cze
015 |a cnb003181594 
020 |a 978-80-261-0875-7  |q (Západočeská univerzita v Plzni ;  |q brožováno) 
020 |a 978-80-7071-387-7  |q (Státní zdravotní ústav ;  |q brožováno) 
035 |a (OCoLC)1200248420 
040 |a OLA001  |b cze  |d ABA001  |e rda 
041 0 |a cze  |b eng 
072 7 |a 616  |x Patologie. Klinická medicína  |2 Konspekt  |9 14 
080 |a 616.97/.99  |2 MRF 
080 |a 616-07  |2 MRF 
080 |a 616-07-084  |2 MRF 
080 |a (048.8:082)  |2 MRF 
100 1 |a Resl, Vladimír,  |d 1941-  |7 jn20000402113  |4 aut 
245 1 0 |a Základy depistáže a organizace venerologické práce :  |b sexuálně přenosné infekce (STI) /  |c Vladimír Resl a kol. 
250 |a První vydání 
264 1 |a Plzeň :  |b Západočeská univerzita v Plzni ;  |a Praha :  |b Státní zdravotní ústav,  |c 2019 
300 |a vii, 459 stran :  |b ilustrace (převážně barevné), mapy ;  |c 21 cm 
336 |a text  |b txt  |2 rdacontent 
337 |a bez média  |b n  |2 rdamedia 
338 |a svazek  |b nc  |2 rdacarrier 
504 |a Obsahuje bibliografie 
546 |a Anglické resumé 
650 0 7 |a sexuálně přenosné nemoci  |7 ph137725  |2 czenas 
650 0 7 |a diagnostika (lékařství)  |7 ph114312  |2 czenas 
650 0 7 |a screening (lékařství)  |7 ph389986  |2 czenas 
650 0 9 |a sexually transmitted diseases  |2 eczenas 
650 0 9 |a medical diagnostics  |2 eczenas 
650 0 9 |a medical screening  |2 eczenas 
655 7 |a kolektivní monografie  |7 fd501537  |2 czenas 
655 9 |a collective monographs  |2 eczenas 
910 2 |a BOA001  |b 2-1444.724 
990 |a BK 
995 |a 01 
991 |b 202005  |c NOV 
996 6 |b 2610819780  |c 2-1444.724  |l MZK  |r Sklad / do 1 hodiny  |n 1  |p p.v.  |w 001794328  |u 000010  |a 1  |e BOA001  |j MZK50  |s P